| 000 | 00490cas a22001815a 4500 | ||
|---|---|---|---|
| 001 | L138796 | ||
| 008 | 070711c1975 sa qr p 0 a0eng u | ||
| 035 | _a(Sirsi) u138796 | ||
| 041 | 1 |
_aeng _bafr |
|
| 110 | 2 |
_aInstitute of Estate Agents of South Africa _95264 |
|
| 245 | 0 | 4 | _aThe S.A. Estate Agent |
| 260 |
_aJohannesburg _bIEASA _c[1975]- |
||
| 362 | 0 | _a(2) December 1975-(18) December 1979 | |
| 554 | _aFour per year | ||
| 651 | 4 | _aSouth Africa | |
| 690 | _aPROPERTY | ||
| 942 | _n0 | ||
| 999 |
_c119039 _d119039 |
||